000 00817nam a2200277 i 4500
001 6173
003 ES-MaACL
005 20240409173107.0
007 t|
008 890824s1988 sp ||||1| spa d
020 _a84-376-0016-2
080 _a86-14"19"
080 _a86(Machado,A.7 C.01)
100 1 _aMachado, Antonio,
_d1875-1939
_975151
245 1 0 _aCampos de Castilla /
_cAntonio Machado ; edicion de Jose Luis Cano.
250 _a12a ed.
260 _aMadrid :
_bCatedra,
_c1988.
300 _a183 p. ;
_c18 cm.
490 1 _aLetras hispánicas ;
_v10
504 _aBibliogr.: p. 31-35.
700 1 _aCano, José Luis,
_d1912-1999
_934532
830 0 0 _aLetras hispánicas ;
_v10
_9235703
852 _aES-MaACL
_jL-13292
_bR.116168
_z. - rust.
942 _2udc
999 _c6173
_d6173